Αιχμάλωτοι : μιά ιστορία της ειρήνης, του πολέμου και της σκλαβιάς

Αποθηκεύτηκε σε:
Λεπτομέρειες βιβλιογραφικής εγγραφής
Κύριος συγγραφέας: Παναγιωτόπουλος, Ι. Μ., 1901-1982
Μορφή: Βιβλίο
Γλώσσα:Greek
Δημοσίευση: Αθήνα : Αστήρ, c1981.
Έκδοση:3η έκδοση.
Θέματα:
Ετικέτες: Προσθήκη ετικέτας
Δεν υπάρχουν, Καταχωρήστε ετικέτα πρώτοι!

MARC

LEADER 00000cam a2200000 a 4500
001 1/124181
008 220119s1981####gr | ||| |||| ||gre||
040 |a GR-MyUa  |b gre  |c GR-MyUa  |e AACR2 
082 7 |2 (23) 
100 1 |a Παναγιωτόπουλος, Ι. Μ.,   |d 1901-1982. 
245 1 0 |a Αιχμάλωτοι :   |b μιά ιστορία της ειρήνης, του πολέμου και της σκλαβιάς /   |c Ι.Μ. Παναγιωτόπουλου. 
250 |a 3η έκδοση. 
260 |a Αθήνα :   |b Αστήρ,   |c c1981. 
300 |a 325 σ. ;   |c 21 εκ. 
650 0 |a Greek fiction 
852 |a INST  |b SYROS  |e 20220117  |h 889.3 ΠΑΝ  |p 005500015134  |q 005500015134  |t BK  |y 0 
970 |a Κοντού  |b Παρασκευή  |z 19/01/2022